<?xml version="1.0" encoding="UTF-8"?>
<collection xmlns="http://www.loc.gov/MARC21/slim">
 <record>
  <leader>01581nam a22002177a 4500</leader>
  <controlfield tag="001">NCT_90420</controlfield>
  <controlfield tag="008">210622b        xxu||||| |||| 00| 0 vie d</controlfield>
  <datafield tag="999" ind1=" " ind2=" ">
   <subfield code="c">4461</subfield>
   <subfield code="d">4461</subfield>
  </datafield>
  <datafield tag="020" ind1=" " ind2=" ">
   <subfield code="a">9786047769537</subfield>
   <subfield code="c">159000</subfield>
  </datafield>
  <datafield tag="082" ind1="0" ind2="4">
   <subfield code="2">23rd ed.</subfield>
   <subfield code="a">658.8</subfield>
   <subfield code="b">M345P</subfield>
  </datafield>
  <datafield tag="245" ind1="0" ind2="0">
   <subfield code="a">Marketing plan :</subfield>
   <subfield code="b">Bản phác thảo kế hoạch marketing</subfield>
   <subfield code="c">MediaZ</subfield>
  </datafield>
  <datafield tag="260" ind1=" " ind2=" ">
   <subfield code="a">H.</subfield>
   <subfield code="b">Thế giới</subfield>
   <subfield code="c">2019</subfield>
  </datafield>
  <datafield tag="300" ind1=" " ind2=" ">
   <subfield code="a">223 tr.</subfield>
   <subfield code="b">Minh họa</subfield>
   <subfield code="c">21cm</subfield>
  </datafield>
  <datafield tag="520" ind1="3" ind2=" ">
   <subfield code="a">Trình bày những kiến thức cơ bản về kế hoạch marketing, phác hoạ chung về bản kế hoạch marketing; các đích đến, mục tiêu và tiêu chí cần đạt; lựa chọn thị trường mục tiêu; xây dựng concept và lựa chọn thông điệp truyền thông; lựa chọn kênh truyền thông; xác định ngân sách truyền thông; đề xuất được thực hiện trong các kế hoạch truyền thông,...</subfield>
  </datafield>
  <datafield tag="653" ind1=" " ind2=" ">
   <subfield code="a">Quản trị kinh doanh</subfield>
  </datafield>
  <datafield tag="710" ind1="2" ind2=" ">
   <subfield code="a">MediaZ</subfield>
  </datafield>
  <datafield tag="942" ind1=" " ind2=" ">
   <subfield code="2">ddc</subfield>
   <subfield code="c">BK</subfield>
  </datafield>
  <datafield tag="952" ind1=" " ind2=" ">
   <subfield code="0">0</subfield>
   <subfield code="1">0</subfield>
   <subfield code="2">ddc</subfield>
   <subfield code="4">0</subfield>
   <subfield code="6">658_800000000000000_M345P</subfield>
   <subfield code="7">0</subfield>
   <subfield code="9">21366</subfield>
   <subfield code="a">000001</subfield>
   <subfield code="b">000001</subfield>
   <subfield code="d">2021-06-22</subfield>
   <subfield code="o">658.8 M345P</subfield>
   <subfield code="p">MD.18649</subfield>
   <subfield code="r">2021-06-22</subfield>
   <subfield code="v">159000.00</subfield>
   <subfield code="w">2021-06-22</subfield>
   <subfield code="y">BK</subfield>
  </datafield>
  <datafield tag="952" ind1=" " ind2=" ">
   <subfield code="0">0</subfield>
   <subfield code="1">0</subfield>
   <subfield code="2">ddc</subfield>
   <subfield code="4">0</subfield>
   <subfield code="6">658_800000000000000_M345P</subfield>
   <subfield code="7">0</subfield>
   <subfield code="9">21367</subfield>
   <subfield code="a">000001</subfield>
   <subfield code="b">000001</subfield>
   <subfield code="d">2021-06-22</subfield>
   <subfield code="l">1</subfield>
   <subfield code="o">658.8 M345P</subfield>
   <subfield code="p">MD.18650</subfield>
   <subfield code="q">2022-02-26</subfield>
   <subfield code="r">2022-02-11</subfield>
   <subfield code="s">2022-02-11</subfield>
   <subfield code="v">159000.00</subfield>
   <subfield code="w">2021-06-22</subfield>
   <subfield code="y">BK</subfield>
  </datafield>
  <datafield tag="952" ind1=" " ind2=" ">
   <subfield code="0">0</subfield>
   <subfield code="1">0</subfield>
   <subfield code="2">ddc</subfield>
   <subfield code="4">0</subfield>
   <subfield code="6">658_800000000000000_M345P</subfield>
   <subfield code="7">0</subfield>
   <subfield code="9">21368</subfield>
   <subfield code="a">000001</subfield>
   <subfield code="b">000001</subfield>
   <subfield code="d">2021-06-22</subfield>
   <subfield code="o">658.8 M345P</subfield>
   <subfield code="p">MD.18651</subfield>
   <subfield code="r">2021-06-22</subfield>
   <subfield code="v">159000.00</subfield>
   <subfield code="w">2021-06-22</subfield>
   <subfield code="y">BK</subfield>
  </datafield>
  <datafield tag="980" ind1=" " ind2=" ">
   <subfield code="a">Thư viện Trường Đại học Nam Cần Thơ</subfield>
  </datafield>
 </record>
</collection>
